[Event "2nd Marlboro it"]
[Site "Manila PHI"]
[Date "1974.10.17"]
[Round "11"]
[White "Gheorghiu, Florin"]
[Black "Cardoso, Rodolfo Tan"]
[Result "1-0"]
[WhiteElo "2540"]
[BlackElo "2385"]
[EventDate "1974.10.05"]
[PlyCount "105"]

1.d4 Nf6 2.c4 e6 3.Nf3 b6 4.g3 Bb7 5.Bg2 c5 6.O-O Be7 7.Nc3 d5 8.cxd5 exd5
9.Ne5 O-O 10.Bf4 Na6 11.dxc5 Nxc5 12.Rc1 Rc8 13.Nb5 Ne6 14.Rxc8 Qxc8 15.
Be3 Qb8 16.Nf3 Ng4 17.Bd2 Bf6 18.Bc3 Rd8 19.Bxf6 Nxf6 20.Nbd4 Nc5 21.Bh3 
Re8 22.Qc2 a5 23.Rd1 Ba6 24.e3 g6 25.b3 Qd6 26.Ne2 Nfe4 27.Nf4 Bb7 28.Nd4 
Qe5 29.a3 Nd6 30.Nf3 Qe4 31.Qxe4 dxe4 32.Nd4 Bc8 33.Bf1 Nf5 34.b4 axb4 35.
axb4 Nxd4 36.Rxd4 Ne6 37.Rxe4 Bb7 38.Re5 Kf8 39.Nxe6+ Rxe6 40.Rxe6 fxe6 
41.f4 Ke7 42.g4 Bf3 43.g5 Kd6 44.Kf2 Bc6 45.Bd3 e5 46.h4 Ke6 47.Bc4+ Kf5 
48.Kg3 Ke4 49.Bg8 Kxe3 50.fxe5 Kd4 51.Kf4 b5 52.Bxh7 Be8 53.Bg8 1-0

[Event "2nd Marlboro it"]
[Site "Manila PHI"]
[Date "1974.10.19"]
[Round "12"]
[White "Cardoso, Rodolfo Tan"]
[Black "Andersson, Ulf"]
[Result "0-1"]
[WhiteElo "2385"]
[BlackElo "2580"]
[EventDate "1974.10.05"]
[PlyCount "150"]

1.e4 c5 2.Nf3 d6 3.d4 cxd4 4.Nxd4 Nf6 5.Nc3 e6 6.g4 h6 7.h4 Nc6 8.Rg1 h5 
9.gxh5 Nxh5 10.Bg5 Nf6 11.Qd2 Qb6 12.Nb3 a6 13.O-O-O Bd7 14.Kb1 O-O-O 15.
Be3 Qc7 16.f4 Rxh4 17.Qf2 Ng4 18.Qxh4 Nxe3 19.Rd2 Be7 20.Qh5 g6 21.Qf3 
Nxf1 22.Qxf1 Kb8 23.Rh1 Bf6 24.Nd1 Bc8 25.Ne3 Be7 26.Rh7 Rf8 27.Rd3 g5 28.
f5 Ne5 29.f6 Bd8 30.Rc3 Qb6 31.Rg7 Bd7 32.Rxg5 Bc6 33.Ng4 Nxg4 34.Rxg4 Rh8
35.a3 Ka7 36.Ka2 Rh6 37.Rf3 Bb5 38.c4 Ba4 39.Nd2 Qd4 40.Rd3 Qe5 41.Nf3 
Qxf6 42.Rxd6 Rh8 43.Qg1+ b6 44.Rd3 Bc7 45.Rg8 Bc6 46.Rxh8 Qxh8 47.c5 Qf8 
48.cxb6+ Bxb6 49.Qc1 Bxe4 50.Rd7+ Ka8 51.Ng5 Bd5+ 52.Kb1 Qe8 53.Rxf7 e5 
54.Rf6 Ka7 55.Qf1 e4 56.Rh6 e3 57.Rh7+ Bb7 58.Qf7 Qc6 59.Qf3 Qg6+ 60.Kc1 
Qxh7 61.Nxh7 Bxf3 62.Ng5 Bd5 63.Nh3 Bb3 64.Nf4 Ba5 65.Ne2 Bd2+ 66.Kb1 a5 
67.Nd4 a4 68.Ne2 Kb6 69.Nf4 Kc5 70.Ne2 Kd5 71.Ng3 Ke5 72.Ne2 Bc4 73.Ng1 
Ke4 74.Kc2 Bb3+ 75.Kb1 Bd1 0-1

[Event "2nd Marlboro it"]
[Site "Manila PHI"]
[Date "1974.10.19"]
[Round "12"]
[White "Naranja, Renato"]
[Black "Torre, Eugenio"]
[Result "0-1"]
[WhiteElo "2395"]
[BlackElo "2450"]
[EventDate "1974.10.05"]
[PlyCount "76"]

1.c4 g6 2.d4 Bg7 3.Nc3 Nf6 4.e4 d6 5.Be2 O-O 6.Be3 e5 7.d5 Nbd7 8.g4 Ne8 
9.h4 f5 10.gxf5 gxf5 11.exf5 Nc5 12.Nf3 Bxf5 13.Rg1 Kh8 14.Qd2 Nf6 15.Ng5 
Qd7 16.O-O-O Na4 17.Bd3 Nxc3 18.Qxc3 e4 19.Be2 Nxd5 20.cxd5 Bxc3 21.bxc3 
Rae8 22.Ne6 c5 23.dxc6 Qxe6 24.Bd4+ Rf6 25.Bc4 Qe7 26.cxb7 h6 27.Rg8+ Rxg8
28.Bxg8 Qxb7 29.Rg1 Qe7 30.h5 a5 31.c4 Qf8 32.Kd2 Qd8 33.Rg3 a4 34.a3 Bh7 
35.Bd5 Qa5+ 36.Ke2 Qd8 37.Kd2 Qe7 38.Ke1 Bf5 0-1

[Event "2nd Marlboro it"]
[Site "Manila PHI"]
[Date "1974.10.19"]
[Round "12"]
[White "Vasiukov, Evgeny"]
[Black "Petrosian, Tigran"]
[Result "1/2-1/2"]
[WhiteElo "2560"]
[BlackElo "2640"]
[EventDate "1974.10.05"]
[PlyCount "26"]

1.c4 c6 2.Nf3 d5 3.d4 Nf6 4.cxd5 cxd5 5.Nc3 Nc6 6.Bf4 e6 7.e3 Bd6 8.Bxd6 
Qxd6 9.Bd3 O-O 10.O-O e5 11.Nb5 Qe7 12.dxe5 Nxe5 13.Nbd4 Bg4 1/2-1/2

[Event "2nd Marlboro it"]
[Site "Manila PHI"]
[Date "1974.10.19"]
[Round "12"]
[White "Kavalek, Lubomir"]
[Black "Quinteros, Miguel Angel"]
[Result "1/2-1/2"]
[WhiteElo "2625"]
[BlackElo "2495"]
[EventDate "1974.10.05"]
[PlyCount "71"]

1.Nf3 d6 2.d4 Nf6 3.g3 b6 4.c4 e6 5.Nc3 c5 6.Bg2 a6 7.O-O Ra7 8.a4 cxd4 9.
Nxd4 Rc7 10.Qb3 Bb7 11.Bxb7 Rxb7 12.a5 Qc7 13.axb6 Rxb6 14.Qa4+ Nfd7 15.
Be3 Nc6 16.Ndb5 axb5 17.Nxb5 Qb8 18.Na7 Qxa7 19.Qxa7 Nxa7 20.Bxb6 Nxb6 21.
Rxa7 Be7 22.b3 Bf6 23.Rd1 Nc8 24.Rb7 O-O 25.b4 g6 26.e4 g5 27.f4 Re8 28.c5
dxc5 29.bxc5 gxf4 30.gxf4 Ne7 31.Rdd7 Rc8 32.e5 Bh4 33.Rbc7 Ra8 34.Rxe7 
Bxe7 35.Rxe7 Rc8 36.Kg2 1/2-1/2

[Event "2nd Marlboro it"]
[Site "Manila PHI"]
[Date "1974.10.19"]
[Round "12"]
[White "Pfleger, Helmut"]
[Black "Gheorghiu, Florin"]
[Result "1/2-1/2"]
[WhiteElo "2535"]
[BlackElo "2540"]
[EventDate "1974.10.05"]
[PlyCount "50"]

1.Nf3 c5 2.c4 Nf6 3.g3 b6 4.Bg2 Bb7 5.Nc3 g6 6.O-O Bg7 7.d4 Ne4 8.Qd3 Nxc3
9.bxc3 O-O 10.e4 d6 11.Be3 Nc6 12.Nd2 e5 13.d5 Ne7 14.f4 exf4 15.Bxf4 h6 
16.h4 Bc8 17.g4 g5 18.hxg5 Ng6 19.gxh6 Nxf4 20.Rxf4 Be5 21.Raf1 Qg5 22.h7+
Kxh7 23.R4f2 Bxg4 24.Nf3 Bxf3 25.Rxf3 Kg7 1/2-1/2

[Event "2nd Marlboro it"]
[Site "Manila PHI"]
[Date "1974.10.20"]
[Round "13"]
[White "Torre, Eugenio"]
[Black "Kraidman, Yair"]
[Result "1/2-1/2"]
[WhiteElo "2450"]
[BlackElo "2470"]
[EventDate "1974.10.05"]
[PlyCount "80"]

1.e4 e5 2.Nf3 Nc6 3.Bb5 a6 4.Ba4 Nf6 5.d3 d6 6.c3 b5 7.Bc2 Be7 8.Nbd2 O-O 
9.Nf1 d5 10.exd5 Nxd5 11.Ng3 Bb7 12.O-O Re8 13.a3 Nf6 14.d4 exd4 15.cxd4 
g6 16.Bg5 Nd5 17.Bxe7 Ncxe7 18.Ne4 Bc8 19.Qd2 Kg7 20.Ng3 Nf6 21.Rfe1 h6 
22.Qf4 Bb7 23.Ne5 Qd5 24.f3 Nc6 25.Rad1 Rad8 26.Be4 Qd6 27.h4 Nxe5 28.dxe5
Qb6+ 29.Kh2 Nxe4 30.Rxd8 Rxd8 31.Nxe4 Bxe4 32.Rxe4 Re8 33.Qf6+ Qxf6 34.
exf6+ Kf8 35.Rd4 c5 36.Rd6 Re6 37.Rd8+ Re8 38.Rd6 Re6 39.Rd8+ Re8 40.Rd6 
Re6 1/2-1/2

[Event "2nd Marlboro it"]
[Site "Manila PHI"]
[Date "1974.10.20"]
[Round "13"]
[White "Ljubojevic, Ljubomir"]
[Black "Vasiukov, Evgeny"]
[Result "0-1"]
[WhiteElo "2605"]
[BlackElo "2560"]
[EventDate "1974.10.05"]
[PlyCount "98"]

1.e4 c5 2.Nf3 Nc6 3.d4 cxd4 4.Nxd4 Qc7 5.Nb5 Qb8 6.a4 Nf6 7.N1c3 e6 8.Bd3 
Bc5 9.O-O b6 10.Bg5 Ne5 11.h3 h6 12.Bf4 g5 13.Be3 Rg8 14.Bxc5 bxc5 15.f4 
gxf4 16.Rxf4 Rg6 17.Be2 Ke7 18.Qd2 a6 19.Na3 Bb7 20.Raf1 Qc7 21.Qe1 Rag8 
22.R1f2 Qd6 23.Qf1 Qd4 24.Kh1 Nxe4 25.Nxe4 Bxe4 26.Bd3 Nxd3 27.cxd3 Qxd3 
28.Rxf7+ Kd8 29.Qxd3 Bxd3 30.Rd2 Ke8 31.Rf4 e5 32.Rh4 e4 33.Nc2 c4 34.Kg1 
Rg3 35.Rh5 Kd8 36.Rxh6 e3 37.Nxe3 Rxe3 38.Rf2 Kc7 39.g4 Rge8 40.Kh2 Re2 
41.Rf6 Rxf2+ 42.Rxf2 Re2 43.Rxe2 Bxe2 44.Kg3 Kd6 45.Kf4 Ke6 46.h4 Bd1 47.
a5 d5 48.h5 Be2 49.h6 Bd3 0-1

[Event "2nd Marlboro it"]
[Site "Manila PHI"]
[Date "1974.10.20"]
[Round "13"]
[White "Andersson, Ulf"]
[Black "Pfleger, Helmut"]
[Result "1/2-1/2"]
[WhiteElo "2580"]
[BlackElo "2535"]
[EventDate "1974.10.05"]
[PlyCount "165"]

1.Nf3 d5 2.g3 c5 3.Bg2 Nc6 4.O-O Nf6 5.c4 e6 6.cxd5 exd5 7.d4 Be7 8.Nc3 
O-O 9.Be3 Ng4 10.Bf4 Be6 11.dxc5 Bxc5 12.Na4 Be7 13.Nd4 Nxd4 14.Qxd4 Qa5 
15.h3 Bf6 16.Qd1 Ne5 17.Bd2 Qb5 18.Bc3 d4 19.Bxd4 Rad8 20.Nc3 Qc4 21.e3 
Nc6 22.Ne2 Bxd4 23.Nxd4 Nxd4 24.exd4 Rxd4 25.Qb3 Qxf1+ 26.Kxf1 Bxb3 27.
axb3 Rb4 28.Rxa7 Rxb3 29.Bxb7 g5 30.Bd5 Rxb2 31.Kg2 Kg7 32.Bf3 Rb6 33.Bh5 
Rf6 34.Ra5 h6 35.Rd5 Rb8 36.Rd2 Rbb6 37.Bf3 Rbd6 38.Rc2 Rd4 39.Bh5 Rfd6 
40.Rc7 Rd7 41.Rc5 Rd2 42.Rf5 R2d5 43.Rf3 Rc7 44.Rb3 Rc2 45.Rf3 f5 46.Ra3 
Rdd2 47.Rf3 Kf6 48.Bg4 Rc5 49.Bh5 f4 50.h4 Kf5 51.hxg5 hxg5 52.Bf7 Rc1 53.
Bb3 Rb2 54.Bg8 Re2 55.gxf4 gxf4 56.Ra3 Kg4 57.Bd5 Ree1 58.Bf3+ Kf5 59.Ra5+
Re5 60.Ra8 Rc7 61.Rf8+ Kg5 62.Rg8+ Kf6 63.Rf8+ Rf7 64.Ra8 Rc5 65.Ra6+ Ke5 
66.Ra1 Rg7+ 67.Kf1 Rc3 68.Ra5+ Kf6 69.Ra6+ Ke5 70.Ra5+ Kd6 71.Be4 f3 72.
Ke1 Rb3 73.Kd2 Rg2 74.Rd5+ Ke6 75.Rd3 Rb2+ 76.Kc3 Rbxf2 77.Bxf3 Rc2+ 78.
Kd4 Rh2 79.Rb3 Rh4+ 80.Ke3 Rc5 81.Rd3 Re5+ 82.Kd2 Rh2+ 83.Kc3 1/2-1/2

[Event "2nd Marlboro it"]
[Site "Manila PHI"]
[Date "1974.10.20"]
[Round "13"]
[White "Gheorghiu, Florin"]
[Black "Larsen, Bent"]
[Result "1/2-1/2"]
[WhiteElo "2540"]
[BlackElo "2630"]
[EventDate "1974.10.05"]
[PlyCount "47"]

1.d4 Nf6 2.c4 e6 3.Nf3 b6 4.g3 Bb4+ 5.Nbd2 Bb7 6.Bg2 a5 7.O-O O-O 8.Qc2 d5
9.Ne5 Qc8 10.cxd5 Bxd5 11.e4 Bb7 12.Ndc4 Na6 13.a3 Be7 14.Be3 Qe8 15.Rac1 
Qb5 16.Rfd1 Rfd8 17.f3 h6 18.Bh3 Nh7 19.Nxf7 Kxf7 20.Ne5+ Kf6 21.Ng4+ Kf7 
22.Ne5+ Kf6 23.Ng4+ Kf7 24.Ne5+ 1/2-1/2

[Event "2nd Marlboro it"]
[Site "Manila PHI"]
[Date "1974.10.20"]
[Round "13"]
[White "Gligoric, Svetozar"]
[Black "Naranja, Renato"]
[Result "1-0"]
[WhiteElo "2585"]
[BlackElo "2395"]
[EventDate "1974.10.05"]
[PlyCount "93"]

1.d4 g6 2.e4 c6 3.c4 Bg7 4.Nc3 d6 5.Nf3 Nf6 6.Be2 O-O 7.O-O a5 8.h3 Na6 9.
Bf4 Nd7 10.Qd2 Nc7 11.Rad1 b6 12.Bh6 Rb8 13.d5 c5 14.Rfe1 f6 15.Bxg7 Kxg7 
16.Nh2 Ne5 17.f4 Nf7 18.Nf3 Ba6 19.e5 b5 20.cxb5 Bxb5 21.Nxb5 Nxb5 22.b3 
Qb6 23.Bxb5 Qxb5 24.Re4 Qa6 25.Rde1 fxe5 26.fxe5 Rb4 27.exd6 exd6 28.Re7 
Kg8 29.Kh2 Qa8 30.R1e6 Rb7 31.Rxb7 Qxb7 32.Qxa5 Qxd5 33.Re7 Qc6 34.a4 d5 
35.Qc7 Qxc7+ 36.Rxc7 Rb8 37.a5 Rxb3 38.a6 Rb8 39.a7 Ra8 40.Rb7 Nd8 41.Rb8 
Rxa7 42.Rxd8+ Kf7 43.Rxd5 Rc7 44.Ng5+ Ke7 45.Ne4 c4 46.Nc3 Ke6 47.Kg3 1-0

[Event "2nd Marlboro it"]
[Site "Manila PHI"]
[Date "1974.10.20"]
[Round "13"]
[White "Petrosian, Tigran"]
[Black "Cardoso, Rodolfo Tan"]
[Result "1-0"]
[WhiteElo "2640"]
[BlackElo "2385"]
[EventDate "1974.10.05"]
[PlyCount "71"]

1.g3 g6 2.Bg2 Bg7 3.c4 c6 4.Nc3 e5 5.e4 Ne7 6.Nge2 d6 7.d4 O-O 8.O-O Nd7 
9.b3 f5 10.exf5 gxf5 11.Kh1 Ng6 12.dxe5 dxe5 13.Ba3 Re8 14.Qc2 Nf6 15.Rad1
Qc7 16.Bh3 f4 17.Bxc8 Qxc8 18.Ne4 Qh3 19.Ng1 Qh5 20.Nxf6+ Bxf6 21.Qe4 Rad8
22.Nf3 Qh3 23.Bb2 Rxd1 24.Rxd1 Kf7 25.Re1 Re7 26.Bc3 fxg3 27.fxg3 h5 28.
Ng1 Qe6 29.Kg2 h4 30.Nh3 hxg3 31.hxg3 Kg7 32.Nf2 Rd7 33.Rh1 Rd8 34.Qe3 b6 
35.Ne4 Qg4 36.Rh7+ 1-0

[Event "2nd Marlboro it"]
[Site "Manila PHI"]
[Date "1974.10.21"]
[Round "14"]
[White "Vasiukov, Evgeny"]
[Black "Torre, Eugenio"]
[Result "1-0"]
[WhiteElo "2560"]
[BlackElo "2450"]
[EventDate "1974.10.05"]
[PlyCount "81"]

1.e4 Nf6 2.e5 Nd5 3.d4 d6 4.Nf3 Bg4 5.Be2 e6 6.O-O Be7 7.c4 Nb6 8.Nc3 O-O 
9.h3 Bxf3 10.Bxf3 Nc6 11.Bxc6 bxc6 12.b3 a5 13.Be3 Nd7 14.Qh5 dxe5 15.dxe5
Nxe5 16.Qxe5 Bf6 17.Qe4 Bxc3 18.Rad1 Qc8 19.Rd3 Bb4 20.Rfd1 a4 21.c5 Ba3 
22.Rb1 f5 23.Qe5 Rb8 24.Bd4 Rf7 25.Rbd1 axb3 26.axb3 h6 27.Bc3 Qe8 28.b4 
Kh7 29.Rd4 Re7 30.Kh2 Ra8 31.f4 Qf7 32.R4d3 Rb8 33.Rb1 Rd7 34.Rg3 Ra8 35.
Qe1 Qe8 36.Rb3 Ra4 37.Be5 Qa8 38.Qc3 Bxb4 39.Rxb4 Rxb4 40.Qxb4 Qa2 41.Qb8 
1-0

[Event "2nd Marlboro it"]
[Site "Manila PHI"]
[Date "1974.10.21"]
[Round "14"]
[White "Pfleger, Helmut"]
[Black "Petrosian, Tigran"]
[Result "1/2-1/2"]
[WhiteElo "2535"]
[BlackElo "2640"]
[EventDate "1974.10.05"]
[PlyCount "47"]

1.c4 Nf6 2.Nc3 g6 3.Nf3 Bg7 4.d4 O-O 5.g3 d6 6.Bg2 c5 7.d5 Na6 8.O-O Nc7 
9.e4 Rb8 10.a4 b6 11.Re1 a6 12.e5 Nh5 13.exd6 exd6 14.Bg5 f6 15.Bd2 a5 16.
h3 Na6 17.Ne4 Nc7 18.Bc3 f5 19.Bxg7 Kxg7 20.Nc3 Qf6 21.Qd2 Bd7 22.Re2 Rbe8
23.Rae1 Rxe2 24.Rxe2 1/2-1/2

[Event "2nd Marlboro it"]
[Site "Manila PHI"]
[Date "1974.10.21"]
[Round "14"]
[White "Kavalek, Lubomir"]
[Black "Gheorghiu, Florin"]
[Result "1/2-1/2"]
[WhiteElo "2625"]
[BlackElo "2540"]
[EventDate "1974.10.05"]
[PlyCount "26"]

1.e4 c5 2.Nf3 d6 3.d4 cxd4 4.Nxd4 Nf6 5.Nc3 Nc6 6.Be3 e6 7.Bc4 Be7 8.Qe2 
a6 9.O-O-O Qc7 10.Bb3 O-O 11.Kb1 Na5 12.g4 Nxb3 13.axb3 b5 1/2-1/2

[Event "2nd Marlboro it"]
[Site "Manila PHI"]
[Date "1974.10.23"]
[Round "15"]
[White "Andersson, Ulf"]
[Black "Kavalek, Lubomir"]
[Result "1/2-1/2"]
[WhiteElo "2580"]
[BlackElo "2625"]
[EventDate "1974.10.05"]
[PlyCount "62"]

1.c4 g6 2.Nc3 Bg7 3.g3 Nf6 4.Bg2 O-O 5.Nf3 d6 6.O-O e5 7.d3 Re8 8.Rb1 c6 
9.Bg5 Nbd7 10.b4 h6 11.Bxf6 Nxf6 12.b5 d5 13.bxc6 bxc6 14.Nd2 Bf5 15.Qa4 
e4 16.cxd5 exd3 17.e4 Bd7 18.dxc6 Bxc6 19.Qxc6 Rc8 20.Qa6 Rxc3 21.Rbd1 Nd7
22.Nb3 Qb6 23.Qxb6 axb6 24.Rd2 Nc5 25.Rfd1 Rd8 26.Bf1 Nxe4 27.Rxd3 Rcxd3 
28.Rxd3 Rxd3 29.Bxd3 Nc3 30.Nc1 Bf8 31.Bc4 b5 1/2-1/2

[Event "2nd Marlboro it"]
[Site "Manila PHI"]
[Date "1974.10.23"]
[Round "15"]
[White "Torre, Eugenio"]
[Black "Cardoso, Rodolfo Tan"]
[Result "1-0"]
[WhiteElo "2450"]
[BlackElo "2385"]
[EventDate "1974.10.05"]
[PlyCount "137"]

1.e4 e6 2.d4 d5 3.Nc3 Bb4 4.e5 c5 5.a3 Bxc3+ 6.bxc3 Qc7 7.Nf3 Nc6 8.Bd3 f6
9.Bf4 Qa5 10.Bd2 c4 11.Be2 fxe5 12.Nxe5 Nxe5 13.dxe5 Ne7 14.Bh5+ g6 15.Bg4
h5 16.Bf3 Bd7 17.O-O Rh7 18.Qb1 O-O-O 19.Qb4 Qc7 20.Bg5 Re8 21.Rfe1 Nc6 
22.Qc5 Rf7 23.Bf6 Qb6 24.Qe3 Qxe3 25.Rxe3 Nb8 26.Bd1 Ba4 27.Rg3 Rg8 28.
Bxh5 Bxc2 29.Bg4 Re8 30.Rc1 Bd3 31.Bg5 Nd7 32.Re3 Be4 33.Be2 Nc5 34.f3 Bd3
35.Bd1 Kd7 36.Re1 Rc8 37.Re3 Rc6 38.Ra1 Rb6 39.Re1 Kc6 40.Be3 Rf5 41.g4 
Rxe5 42.f4 Re4 43.Bf3 Rxe3 44.Rxe3 Rb3 45.Rc1 Rxa3 46.h4 Kd6 47.h5 gxh5 
48.gxh5 Bh7 49.Rce1 b5 50.h6 Ra6 51.f5 Ke7 52.fxe6 Rd6 53.Bg4 Rd8 54.Rf1 
Bg6 55.Re5 Ne4 56.Ra1 Rh8 57.Rxd5 Nxc3 58.Rxa7+ Kf6 59.Rc5 Rxh6 60.e7 Rh8 
61.Ra6+ Kf7 62.Rxg6 Kxg6 63.Bh5+ Kf6 64.e8=Q Rxe8 65.Bxe8 Ne4 66.Rxb5 c3 
67.Rb6+ Ke5 68.Bg6 Nc5 69.Kf2 1-0

[Event "2nd Marlboro it"]
[Site "Manila PHI"]
[Date "1974.10.23"]
[Round "15"]
[White "Ljubojevic, Ljubomir"]
[Black "Pfleger, Helmut"]
[Result "1/2-1/2"]
[WhiteElo "2605"]
[BlackElo "2535"]
[EventDate "1974.10.05"]
[PlyCount "38"]

1.e4 c6 2.d3 d5 3.Nd2 g6 4.Ngf3 Bg7 5.c3 Nd7 6.Be2 e5 7.O-O Ngf6 8.Re1 O-O
9.Bf1 Re8 10.a4 a5 11.b4 b6 12.Qc2 Qc7 13.Ba3 Bb7 14.h3 c5 15.bxc5 Nxc5 
16.exd5 Nxd5 17.Rac1 Nf4 18.Re3 Nd5 19.Ree1 Nf4 1/2-1/2

[Event "2nd Marlboro it"]
[Site "Manila PHI"]
[Date "1974.10.23"]
[Round "15"]
[White "Gheorghiu, Florin"]
[Black "Quinteros, Miguel Angel"]
[Result "1/2-1/2"]
[WhiteElo "2540"]
[BlackElo "2495"]
[EventDate "1974.10.05"]
[PlyCount "25"]

1.d4 g6 2.c4 Bg7 3.Nc3 d6 4.e4 e5 5.dxe5 dxe5 6.Qxd8+ Kxd8 7.f4 Be6 8.Nf3 
Nd7 9.fxe5 Ne7 10.Bf4 Nc6 11.O-O-O Kc8 12.Ng5 Ncxe5 13.Nxe6 1/2-1/2

[Event "2nd Marlboro it"]
[Site "Manila PHI"]
[Date "1974.10.23"]
[Round "15"]
[White "Gligoric, Svetozar"]
[Black "Vasiukov, Evgeny"]
[Result "1/2-1/2"]
[WhiteElo "2585"]
[BlackElo "2560"]
[EventDate "1974.10.05"]
[PlyCount "94"]

1.d4 d5 2.c4 c6 3.Nf3 Nf6 4.Nc3 dxc4 5.a4 Bg4 6.Ne5 Bh5 7.g3 a5 8.Bg2 e6 
9.O-O Be7 10.Nxc4 Na6 11.h3 Nb4 12.g4 Bg6 13.e4 Nd7 14.Bf4 Nb6 15.Ne5 Bf6 
16.Qe2 Bxe5 17.dxe5 Qd3 18.Rfd1 Qxe2 19.Nxe2 Nc4 20.b3 Nb2 21.Rd2 N2d3 22.
Be3 c5 23.f4 f6 24.exf6 gxf6 25.Nc1 O-O-O 26.Nxd3 Rxd3 27.Rxd3 Nxd3 28.Rd1
Rd8 29.f5 exf5 30.exf5 Bf7 31.Bf1 Ne5 32.Rxd8+ Kxd8 33.Bxc5 Bxb3 34.Bb6+ 
Ke7 35.Bb5 Nc4 36.Bd4 Kf7 37.Bd7 Nd6 38.Bc5 Ne4 39.Bb6 Ke7 40.Bb5 Nc3 41.
Bf1 Nd5 42.Bxa5 Bxa4 43.Kf2 b6 44.Bd2 Kd6 45.Bc4 Bc6 46.Kg3 b5 47.Bb3 b4 
1/2-1/2

[Event "2nd Marlboro it"]
[Site "Manila PHI"]
[Date "1974.10.23"]
[Round "15"]
[White "Petrosian, Tigran"]
[Black "Larsen, Bent"]
[Result "1/2-1/2"]
[WhiteElo "2640"]
[BlackElo "2630"]
[EventDate "1974.10.05"]
[PlyCount "45"]

1.d4 Nf6 2.c4 e6 3.Nf3 b6 4.g3 Bb4+ 5.Bd2 Bxd2+ 6.Qxd2 Ba6 7.b3 O-O 8.Bg2 
d5 9.cxd5 exd5 10.Nc3 c6 11.Ne5 Qd6 12.O-O Nbd7 13.f4 Rad8 14.Rfd1 Nb8 15.
Rac1 Bc8 16.e4 dxe4 17.Nxe4 Nxe4 18.Bxe4 c5 19.Qc2 cxd4 20.Bxh7+ Kh8 21.
Be4 Kg8 22.Bh7+ Kh8 23.Be4 1/2-1/2

[Event "2nd Marlboro it"]
[Site "Manila PHI"]
[Date "1974.10.23"]
[Round "15"]
[White "Naranja, Renato"]
[Black "Kraidman, Yair"]
[Result "1/2-1/2"]
[WhiteElo "2395"]
[BlackElo "2470"]
[EventDate "1974.10.05"]
[PlyCount "26"]

1.c4 Nf6 2.Nf3 e6 3.g3 d5 4.Bg2 Be7 5.O-O O-O 6.d4 c5 7.cxd5 Nxd5 8.e4 Nf6
9.Nc3 cxd4 10.Nxd4 e5 11.Nf5 Nc6 12.Nxe7+ Nxe7 13.Bg5 Qb6 1/2-1/2